01634nam a2200349Ia 4500001001200000003000800012006001900020007001500039008004100054010001700095020001800112040002100130035002100151050002700172245015500199260005900354300001600413490004800429500010400477504004100581533015200622650006800774650007800842655002900920700001700949710003300966710007400999710001701073830004901090856012601139999001901265ebr10040006CaPaEBRm u cr cn|||||||||020829s2001 dcu sb 000 0 eng d z 2002511891 z9781585760282 aCaPaEBRcCaPaEBR a(OCoLC)55188899914aTD1050.R57bC44 2001eb00aChemical and radiation environmental risk management at the crossroadsh[electronic resource] :bcase studies /cprepared by Nga L. Tran ... [et al.]. aWashington, DC :bEnvironmental Law Institute,cc2001. aiii, 112 p.1 aEnvironmental Law Institute research report a"The Johns Hopkins School of Hygiene and Public Health; Risk Sciences and Public Policy Institute". aIncludes bibliographical references. aElectronic reproduction.bPalo Alto, Calif. :cebrary,d2011.nAvailable via World Wide Web.nAccess may be limited to ebrary affiliated libraries. 0aHazardous wastesxRisk assessmentzUnited StatesvCase studies. 0aRadioactive waste disposalxRisk assessmentzUnited StatesvCase studies. 7aElectronic books.2local1 aTran, Nga L.2 aEnvironmental Law Institute.2 aJohns Hopkins University.bRisk Sciences and Public Policy Institute.2 aebrary, Inc. 0aEnvironmental Law Institute research report.40uhttp://site.ebrary.com/lib/rucke/Doc?id=10040006zAn electronic book accessible through the World Wide Web; click to view c155979d155979